Elenca la formazione - Quiz n°250 - Statistics

Statistiche generali
  • Questo quiz è stato fatto 26 volte
  • Il punteggio medio è 3 su 11
Statistiche sulle risposte
Ruolo Club dell'epoca Calciatore % Corretto
Difensore Inter Maicon
82%
Attaccante Real Madrid Robinho
64%
Difensore Roma Juan
55%
Portiere Roma Doni
41%
Difensore Chelsea Alex
27%
Attaccante CSKA Mosca Vágner Love
23%
Centrocampista Manchester City Elano
14%
Difensore Hertha Berlino Gilberto
14%
Centrocampista Real Madrid Júlio Baptista
14%
Centrocampista San Paolo Josué
5%
Centrocampista Hertha Berlino Mineiro
5%
Nessun quiz corrispondente trovato
Distribuzione punteggi
Percentuale di utenti per punteggio
Percentile per numero di risposta
I tuoi punteggi nel tempo
Non hai fatto questo quiz